000 00639cam a2200229 4500
001 10739
005 20230404125610.0
008 060907n2000 wau eng
020 _a0821343831
035 _9funglode10823
041 _aeng
050 1 4 _aCD F 00076
245 0 0 _aViolence in Colombia :
_bbuilding sustainable peace and social capital
260 _aWashington D.C. :
_bWorld Bank,
_c2000
300 _a44 p.
650 0 _aViolence
_zColombia.
650 0 _aViolence
_xEconomic aspects
_zColombia.
650 0 _aSocial capital (Sociology)
_zColombia.
710 2 _aWorld Bank.
942 _2lcc
_ccd
946 _aYSepulveda
999 _c695
_d695